| 000 | 00729nam a2200205Ia 4500 | ||
|---|---|---|---|
| 003 | GCL | ||
| 008 | 140319s9999 xx 000 0 ara d | ||
| 040 |
_aGCL / _cGCL |
||
| 082 | 0 | 4 |
_a615.852 _bق ط |
| 100 | 1 | _aمصطفى محمود | |
| 245 | 1 | 0 |
_aالطب النبوى / _cمصطفى محمود |
| 700 | 1 | _aعادل الازهرى | |
| 700 | 1 | _aابن قيم الجوزية: شمس الدين ابو عبدالله محمد بن ابى بكر | |
| 260 |
_aالقاهرة : _bشركة ومكتبة ومطبعة مصطفى البابى الحلبى واولاده ، _c1961 |
||
| 300 |
_a165 ص ؛ _c24 سم |
||
| 490 | _a | ||
| 650 | 0 | 4 | _aالطب النبوى |
| 650 | 0 | 4 | _aالطب الاسلامى |
| 942 |
_2ddc _cBK |
||
| 999 |
_c52062 _d52062 |
||